00278nam a2200085 a 450000500170000000800410001705000220005824500790008065000330015920140414093843.0090123s19uu xx uuu eng d aDVD 371bBUI 2006 aBuilding background knowledge through wide reading :ba five-step process. aReadingxstudy and teaching.